Komparácia daňových systémov v krajinách EÚ

Reformy daňových systémov v krajinách. Optimálne zdaňovanie. Progresívny a proporcionálny daňový systém. Duálna daň z príjmov, komprehenzívna daň, daňová sadzba.

Guardado en:
Detalles Bibliográficos
Autor principal: Korytárová, Zuzana
Formato: Capítulo de libro
Lenguaje:eslovaco
Materias:
Etiquetas: Agregar Etiqueta
Sin Etiquetas, Sea el primero en etiquetar este registro!

MARC

LEADER 00000nla a2200000 4500
001 0181139
005 20240502073113.8
041 0 |a slo 
044 |a SK 
245 1 0 |a Komparácia daňových systémov v krajinách EÚ  |c Zuzana Korytárová 
520 |a Reformy daňových systémov v krajinách. Optimálne zdaňovanie. Progresívny a proporcionálny daňový systém. Duálna daň z príjmov, komprehenzívna daň, daňová sadzba. 
610 2 0 |a systémy daňové 
610 2 0 |a reformy daňové 
610 2 0 |a porovnanie medzinárodné 
610 2 0 |a Európska únia 
610 2 0 |a zdaňovanie 
610 2 0 |a dane progresívne 
610 2 0 |a dane z príjmov 
610 2 0 |a sadzby daňové 
100 1 |a Korytárová, Zuzana